Hidup bukan rahsia : fikirkanlah

Bibliographic Details
Main Author: Zabrina A. Bakar
Format: Book
Published: Kuala Lumpur : Wise Worlds Publishing , 2008
Subjects:

MARC

LEADER 00000cam a2200000 7i4500
001 0000025014
005 20090203.0
008 090203
020 |a 9834353841 
090 0 0 |a 153.8   |b ZAB 
100 0 |a Zabrina A. Bakar 
245 1 0 |a Hidup bukan rahsia :   |b fikirkanlah   |c Zabrina A. Bakar 
260 |a Kuala Lumpur :   |b Wise Worlds Publishing ,   |c 2008 
650 0 |a Inspiration   |x Anecdotes 
650 0 |a Motivation (Psychology)   |x Anecdotes 
999 |a 0001040261   |b Book   |c Adult Collection   |e Perbadanan Perpustakaan Awam Johor